00557cam a22001813a 450000100060000000300060000600500170001200800410002904000150007004200070008510000210009224501120011326000290022550600300025451600200028483000290030485600420033341704PGUSA20140828083936.0121225s2012||||xxu|||||s|||||000 | eng d aPGUSAbeng adc1 aCook, Stanley A.14aThe Religion of Ancient Palestine :bIn the Second Millenium B.C.h[electronic resource] /cStanley A. Cook bProject Gutenberg,c2012 aPublic domain in the USA. aElectronic text 0aProject Gutenbergv4170440uhttp://www.gutenberg.org/ebooks/41704